| 000 | 01336cam a2200385 i 4500 | ||
|---|---|---|---|
| 999 |
_c7880 _d7880 |
||
| 001 | 991001247399706706 | ||
| 003 | OSt | ||
| 005 | 20240306140758.0 | ||
| 008 | 201117s2020 spca b 001 0 spa | ||
| 015 |
_aLL2020 _2bnc |
||
| 017 |
_aDL B. 19464-2020 _bBiblioteca de Catalunya |
||
| 020 | _a9788418417597 | ||
| 035 | _a(ES-BaCBU).b74664438 | ||
| 035 | _a(OCoLC)1286139540 | ||
| 040 |
_aES-BaUAB _bcat _erda _cCDMR |
||
| 041 | 1 |
_aspa _heng |
|
| 043 | _an-us--- | ||
| 080 |
_a32Trump, Donald _22004 |
||
| 080 |
_a32 _x(73) _x"2017/..." _22004 |
||
| 080 |
_a616.2-022:32 _x(73) _22004 |
||
| 100 | 1 |
_aWoodward, Bob _92998 |
|
| 245 | 1 | 0 |
_aRabia / _cBob Woodward ; traducción de Ana Herrera, Ana Momplet y Jorge Rizzo |
| 264 | 1 |
_aBarcelona : _bRoca Editorial, _c2020 |
|
| 300 |
_a443 pàgines : _bil·lustracions ; _c24 cm |
||
| 500 | _aTítol original: Rage | ||
| 504 | _aReferències bibliogràfiques | ||
| 600 | 1 | 7 | _aTrump, Donald, |
| 650 | 7 |
_aPresidents _zEstats Units d'Amèrica _xBiografia. _2lemac |
|
| 650 | 7 |
_aPandèmia de COVID-19, 2020- _xAspectes polítics _zEstats Units d'Amèrica. _2lemac |
|
| 651 | 7 |
_aEstats Units d'Amèrica _xPolítica i govern _y2017-2020 _2lemac |
|
| 907 |
_a.b74664438 _b26-04-21 _c17-11-20 _d15-12-20 _em _fa _g- _hspa _ispc _j0 _k0 |
||
| 908 |
_aUAB _aBC _aBAB |
||
| 940 | _aBC | ||
| 942 |
_2udc _cMON |
||